| 000 | 01211cam a22003015a 4500 | ||
|---|---|---|---|
| 001 | ##L136082 | ||
| 008 | 070108s2006 xxk f 100 0 eng d | ||
| 020 | _a9781842193074 | ||
| 035 | _a(Sirsi) u136082 | ||
| 041 | 0 | _a306.159 $2 18 | |
| 050 | 0 | 4 | _aeng |
| 100 | 1 | _aAwil, Ahmed Usman | |
| 245 | 0 | 0 |
_aHousing development sector in the age of reforms, globalisation and liberalisation _bexperiences of housing developers from Asia Pacific |
| 260 |
_aLondon _bRICS _c2006 |
||
| 490 | 0 |
_aCOBRA _v2006 |
|
| 520 | _aPresents the findings of a study detailing the internationalisation of Malaysian housing developers (as a primary data source) and the experience of developers from Hong Kong, Singapore and Indonesia (as secondary data sources). Figures. Tables. References. | ||
| 651 | 4 |
_aMalaysia _y1965- |
|
| 651 | 4 | _aHONG KONG | |
| 651 | 4 | _aSINGAPORE | |
| 651 | 4 | _aINDONESIA | |
| 651 | 4 | _aINDIA | |
| 651 | 4 | _aCHINA | |
| 651 | 4 | _aVIETNAM | |
| 690 | _aPROPERTY-RESIDENTIAL PROPERTY-RESIDENTIAL PROPERTY DEVELOPMENT | ||
| 700 | 1 | _aAbdul Aziz, A. A. | |
| 856 | 4 | 0 |
_uhttps://www.rics.org/site/scripts/download_info.aspx?downloadID=2901 _zView the paper free of charge at www.rics.org... |
| 942 | _n0 | ||
| 999 |
_c106314 _d106314 |
||